000 00294nam a2200121Ia 4500
008 240731s9999 xx 000 0 und d
022 _a1752-6884
245 4 _aThe Geography Teacher
260 _bRoutledge
856 _uhttps://www.tandfonline.com/loi/rget20
942 _2ddc
942 _cTFEJ
999 _c79918
_d79918
945 _a1
_bMadushi Gamage
_c1
_dMadushi Gamage